[Event "2024 National Elementary (K-6) Championship"]
[Site "Columbus, Ohio, United States"]
[Date "2024.04.27"]
[Round "5.12"]
[White "Mulay, Vivan Prakash"]
[Black "Guo, Ethan"]
[Result "1-0"]
[TimeControl "G/90; d10"]
[BlackTitle "CM"]
[WhiteFideId "39914984"]
[BlackFideId "30976359"]
[WhiteElo "1978"]
[BlackElo "2248"]

1. e4 {[%clk 01:30:00]} {[%emt 00:00:08]} c5 {[%clk 01:30:00]} {[%emt
00:00:08]} 2. Nf3 {[%clk 01:30:00]} {[%emt 00:00:12]} d6 {[%clk 01:30:00]}
{[%emt 00:00:07]} 3. d4 {[%clk 01:30:00]} {[%emt 00:00:06]} cxd4 {[%clk
01:30:00]} {[%emt 00:00:02]} 4. Nxd4 {[%clk 01:30:00]} {[%emt 00:00:02]} Nf6
{[%clk 01:30:00]} {[%emt 00:00:02]} 5. f3 {[%clk 01:30:00]} e5 {[%clk
01:30:00]} {[%emt 00:00:02]} 6. Nb3 {[%clk 01:30:00]} {[%emt 00:00:03]} d5
{[%clk 01:30:00]} {[%emt 00:00:05]} 7. Bg5 {[%clk 01:30:00]} {[%emt 00:00:06]}
d4 {[%clk 01:30:00]} {[%emt 00:00:07]} 8. c3 {[%clk 01:29:51]} {[%emt
00:00:19]} Nc6 {[%clk 01:30:00]} {[%emt 00:00:05]} 9. Bb5 {[%clk 01:29:38]}
{[%emt 00:00:22]} Be7 {[%clk 01:29:17]} {[%emt 00:00:54]} 10. cxd4 {[%clk
01:29:04]} {[%emt 00:00:44]} exd4 {[%clk 01:29:17]} {[%emt 00:00:08]} 11. Qxd4
{[%clk 01:23:30]} {[%emt 00:05:43]} O-O {[%emt 00:15:36]} 12. Qxd8 {[%clk
01:21:09]} {[%emt 00:02:29]} Rxd8 {[%clk 01:13:53]} {[%emt 00:00:09]} 13. Nc3
{[%clk 01:20:30]} {[%emt 00:00:49]} Be6 {[%clk 01:13:51]} {[%emt 00:00:12]} 14.
O-O {[%clk 01:18:08]} {[%emt 00:02:33]} h6 {[%clk 01:10:19]} {[%emt 00:03:41]}
15. Be3 {[%clk 01:15:50]} {[%emt 00:02:22]} Bxb3 {[%clk 01:07:51]} {[%emt
00:02:44]} 16. axb3 {[%clk 01:15:50]} {[%emt 00:00:03]} Nd4 {[%clk 01:07:12]}
{[%emt 00:00:50]} 17. Bxd4 {[%clk 01:11:28]} {[%emt 00:04:32]} Rxd4 {[%clk
01:07:12]} {[%emt 00:00:06]} 18. e5 {[%clk 01:06:54]} {[%emt 00:04:44]} Nd5
{[%clk 01:05:28]} {[%emt 00:01:52]} 19. Rfd1 {[%clk 00:54:42]} {[%emt
00:12:23]} Bc5 {[%clk 01:04:34]} {[%emt 00:01:04]} 20. Kh1 {[%clk 00:53:56]}
{[%emt 00:00:57]} Ne3 {[%clk 01:02:22]} {[%emt 00:02:22]} 21. Rxd4 {[%clk
00:53:17]} {[%emt 00:00:47]} Bxd4 {[%clk 01:02:18]} {[%emt 00:00:15]} 22. f4
{[%clk 00:51:44]} {[%emt 00:01:44]} Rc8 {[%clk 01:00:18]} {[%emt 00:02:10]} 23.
Rc1 {[%clk 00:44:28]} {[%emt 00:07:20]} Nd5 {[%clk 00:53:35]} {[%emt 00:06:58]}
24. Bc4 {[%clk 00:42:11]} {[%emt 00:02:26]} Ne3 {[%clk 00:28:51]} {[%emt
00:24:55]} 25. Nb5 {[%clk 00:40:40]} {[%emt 00:01:41]} Nxc4 {[%clk 00:28:46]}
{[%emt 00:00:15]} 26. Nxd4 {[%clk 00:40:40]} {[%emt 00:00:05]} Nb6 {[%clk
00:28:46]} {[%emt 00:00:07]} 27. Rxc8+ {[%clk 00:39:47]} {[%emt 00:01:02]} Nxc8
{[%clk 00:28:46]} {[%emt 00:00:05]} 28. Kg1 {[%clk 00:39:47]} {[%emt 00:00:06]}
g6 {[%clk 00:26:51]} {[%emt 00:02:06]} 29. Kf2 {[%clk 00:39:21]} {[%emt
00:00:36]} f6 {[%clk 00:26:51]} {[%emt 00:00:10]} 30. Ne6 {[%clk 00:36:19]}
{[%emt 00:03:11]} fxe5 {[%clk 00:26:05]} {[%emt 00:00:56]} 31. fxe5 {[%clk
00:35:29]} {[%emt 00:01:01]} Kf7 {[%clk 00:26:04]} {[%emt 00:00:11]} 32. Nd8+
{[%clk 00:35:18]} {[%emt 00:00:20]} Ke7 {[%clk 00:26:04]} {[%emt 00:00:11]} 33.
Nxb7 {[%clk 00:35:18]} {[%emt 00:00:04]} Ke6 {[%clk 00:25:47]} {[%emt
00:00:27]} 34. Nd8+ {[%clk 00:35:18]} {[%emt 00:00:03]} Kxe5 {[%clk 00:24:41]}
{[%emt 00:01:16]} 35. Ke3 {[%clk 00:30:47]} {[%emt 00:04:41]} h5 {[%clk
00:24:20]} {[%emt 00:00:30]} 36. Nc6+ {[%clk 00:27:48]} {[%emt 00:03:09]} Kd6
{[%clk 00:23:17]} {[%emt 00:01:13]} 37. Nb4 {[%clk 00:25:17]} {[%emt 00:02:40]}
g5 {[%clk 00:21:35]} {[%emt 00:01:54]} 38. Kd4 {[%clk 00:24:59]} {[%emt
00:00:28]} Ne7 {[%clk 00:20:21]} {[%emt 00:01:24]} 39. Nd3 {[%clk 00:24:51]}
{[%emt 00:00:16]} h4 {[%clk 00:16:46]} {[%emt 00:03:47]} 40. Ne5 {[%clk
00:23:30]} {[%emt 00:01:29]} Ke6 {[%clk 00:15:09]} {[%emt 00:01:49]} 41. Ke4
{[%clk 00:23:30]} {[%emt 00:00:06]} a6 {[%clk 00:14:04]} {[%emt 00:01:16]} 42.
b4 {[%clk 00:22:04]} {[%emt 00:01:35]} Nd5 {[%clk 00:10:42]} {[%emt 00:03:32]}
43. Nf3 {[%clk 00:19:48]} {[%emt 00:02:27]} g4 {[%clk 00:07:50]} {[%emt
00:03:02]} 44. Nxh4 {[%clk 00:19:26]} {[%emt 00:00:31]} Nxb4 {[%clk 00:07:50]}
{[%emt 00:00:06]} 45. Nf5 {[%clk 00:19:24]} {[%emt 00:00:11]} a5 {[%clk
00:06:37]} {[%emt 00:01:25]} 46. Ne3 {[%clk 00:18:50]} {[%emt 00:00:43]} g3
{[%clk 00:06:07]} {[%emt 00:00:41]} 47. hxg3 {[%clk 00:18:50]} {[%emt
00:00:05]} Nc6 {[%clk 00:05:31]} {[%emt 00:00:46]} 48. Nc4 {[%clk 00:18:06]}
{[%emt 00:00:55]} Kf6 {[%clk 00:04:12]} {[%emt 00:01:29]} 49. g4 {[%clk
00:15:09]} {[%emt 00:03:06]} Kg5 {[%clk 00:04:12]} {[%emt 00:00:06]} 50. b3
{[%clk 00:15:09]} {[%emt 00:00:05]} Nb4 {[%clk 00:02:13]} {[%emt 00:02:09]} 51.
Nxa5 {[%clk 00:14:28]} {[%emt 00:00:52]} Kxg4 {[%clk 00:02:13]} {[%emt
00:00:05]} 52. Nc4 {[%clk 00:14:28]} {[%emt 00:00:08]} Kg3 {[%clk 00:01:42]}
{[%emt 00:00:43]} 53. Ne3 {[%clk 00:13:59]} {[%emt 00:00:38]} Na6 {[%clk
00:01:10]} {[%emt 00:00:41]} 54. Kd4 {[%clk 00:13:26]} {[%emt 00:00:43]} Nb4
{[%clk 00:00:54]} {[%emt 00:00:27]} 55. Kc4 {[%clk 00:13:24]} {[%emt 00:00:12]}
1-0

[Event "2024 National Elementary (K-6) Championship"]
[Site "Columbus, Ohio, United States"]
[Date "2024.04.27"]
[Round "5.13"]
[White "Goodrich, Elliott"]
[Black "Radhakrishnan, Sharath"]
[Result "0-1"]
[TimeControl "G/90; d10"]
[WhiteFideId "39902064"]
[BlackFideId "39900452"]
[WhiteElo "2014"]
[BlackElo "2205"]

1. e4 {[%clk 01:30:00]} e5 {[%clk 01:30:00]} {[%emt 00:00:17]} 2. Nf3 {[%clk
01:30:00]} {[%emt 00:00:08]} Nc6 {[%clk 01:30:00]} 3. Bc4 {[%clk 01:30:00]}
{[%emt 00:00:02]} Bc5 {[%clk 01:30:00]} 4. c3 {[%clk 01:30:00]} Nf6 {[%clk
01:29:55]} {[%emt 00:00:11]} 5. d4 {[%clk 01:30:00]} {[%emt 00:00:13]} exd4
{[%clk 01:29:55]} 6. e5 {[%clk 01:30:00]} {[%emt 00:00:09]} d5 {[%clk
01:29:55]} {[%emt 00:00:04]} 7. Bb5 {[%clk 01:30:00]} {[%emt 00:00:11]} Ne4
{[%clk 01:29:45]} {[%emt 00:00:08]} 8. cxd4 {[%clk 01:30:00]} {[%emt 00:00:13]}
Bb6 {[%clk 01:29:45]} {[%emt 00:00:12]} 9. Nc3 {[%clk 01:30:00]} Bg4 {[%clk
01:29:38]} {[%emt 00:00:09]} 10. Be3 {[%clk 01:30:00]} {[%emt 00:00:07]} O-O
{[%clk 01:29:09]} {[%emt 00:00:42]} 11. h3 {[%clk 01:30:00]} Bh5 {[%clk
01:29:04]} {[%emt 00:00:15]} 12. Qc2 {[%clk 01:30:00]} {[%emt 00:00:12]} Bg6
{[%clk 01:27:52]} {[%emt 00:01:18]} 13. Qb3 {[%clk 01:29:16]} {[%emt 00:01:06]}
Ne7 {[%clk 01:21:20]} {[%emt 00:06:39]} 14. O-O {[%clk 01:28:51]} {[%emt
00:01:01]} c6 {[%clk 01:20:53]} {[%emt 00:00:06]} 15. Bd3 {[%clk 01:28:18]}
{[%emt 00:00:45]} Qd7 {[%clk 01:10:21]} {[%emt 00:10:46]} 16. Rfd1 {[%clk
01:24:34]} {[%emt 00:03:43]} Nxc3 {[%clk 01:09:59]} {[%emt 00:00:31]} 17. Qxc3
{[%clk 01:21:30]} {[%emt 00:03:27]} Rae8 {[%clk 01:07:15]} {[%emt 00:03:00]} 18.
a4 {[%clk 01:16:20]} {[%emt 00:05:02]} Bxd3 {[%clk 01:04:55]} {[%emt 00:02:29]}
19. Qxd3 {[%clk 01:14:09]} {[%emt 00:02:24]} Ng6 {[%clk 01:02:26]} {[%emt
00:02:37]} 20. a5 {[%clk 01:07:41]} {[%emt 00:06:38]} Bd8 {[%clk 01:01:56]}
{[%emt 00:00:36]} 21. a6 {[%clk 01:05:29]} {[%emt 00:02:31]} b6 {[%clk
01:01:08]} {[%emt 00:00:55]} 22. Rac1 {[%clk 01:04:39]} {[%emt 00:01:36]} f6
{[%clk 01:00:36]} {[%emt 00:00:08]} 23. Qc3 {[%clk 01:03:27]} {[%emt 00:01:20]}
Re6 {[%clk 00:59:00]} {[%emt 00:01:46]} 24. b4 {[%clk 01:02:33]} {[%emt
00:01:01]} b5 {[%clk 00:39:17]} {[%emt 00:19:54]} 25. Re1 {[%clk 00:53:23]}
{[%emt 00:09:21]} Bc7 {[%clk 00:38:44]} {[%emt 00:00:41]} 26. exf6 {[%clk
00:51:23]} {[%emt 00:02:34]} Rexf6 {[%clk 00:35:54]} {[%emt 00:02:35]} 27. Ne5
{[%clk 00:48:45]} {[%emt 00:02:50]} Bxe5 {[%clk 00:35:47]} {[%emt 00:00:24]} 28.
dxe5 {[%clk 00:48:45]} {[%emt 00:00:07]} Re6 {[%clk 00:35:47]} 29. Qd4 {[%clk
00:45:48]} {[%emt 00:03:09]} Rxe5 {[%clk 00:29:34]} {[%emt 00:06:26]} 30. Qc5
{[%clk 00:40:35]} {[%emt 00:05:29]} Re6 {[%clk 00:21:51]} {[%emt 00:07:48]} 31.
Kh1 {[%clk 00:26:32]} {[%emt 00:14:06]} Rfe8 {[%clk 00:19:38]} {[%emt
00:02:22]} 32. Red1 {[%clk 00:25:39]} {[%emt 00:01:04]} R8e7 {[%clk 00:19:18]}
{[%emt 00:00:43]} 33. Qd4 {[%clk 00:22:28]} {[%emt 00:03:08]} Ne5 {[%clk
00:16:45]} {[%emt 00:02:42]} 34. Bg5 {[%clk 00:21:40]} {[%emt 00:01:23]} Rf7
{[%clk 00:15:51]} {[%emt 00:00:38]} 35. Rc3 {[%clk 00:20:13]} {[%emt 00:01:41]}
Nc4 {[%clk 00:13:38]} {[%emt 00:02:21]} 36. Rg3 {[%clk 00:16:21]} {[%emt
00:04:20]} h6 {[%clk 00:13:33]} 37. Bc1 {[%clk 00:14:52]} {[%emt 00:01:37]} Qe7
{[%clk 00:13:04]} {[%emt 00:00:35]} 38. Kh2 {[%clk 00:14:10]} {[%emt 00:00:58]}
Qxb4 {[%clk 00:11:47]} {[%emt 00:01:44]} 39. Ba3 {[%clk 00:12:44]} {[%emt
00:01:15]} Qa4 {[%clk 00:11:16]} {[%emt 00:00:41]} 40. Qg4 {[%clk 00:10:38]}
{[%emt 00:02:14]} Re4 {[%clk 00:09:15]} {[%emt 00:02:10]} 41. Qc8+ {[%clk
00:09:51]} {[%emt 00:00:59]} Kh7 {[%clk 00:09:15]} {[%emt 00:00:10]} 42. Rdd3
{[%clk 00:07:21]} {[%emt 00:02:38]} Ne5 {[%clk 00:04:55]} {[%emt 00:05:08]} 43.
Rde3 {[%clk 00:05:36]} {[%emt 00:01:17]} Rxe3 {[%clk 00:04:45]} {[%emt
00:00:20]} 44. Rxe3 {[%clk 00:05:34]} {[%emt 00:00:15]} Qf4+ {[%clk 00:04:11]}
{[%emt 00:00:43]} 45. Rg3 {[%clk 00:05:19]} {[%emt 00:00:25]} h5 {[%clk
00:03:49]} {[%emt 00:00:30]} 46. Bd6 {[%clk 00:03:46]} {[%emt 00:01:46]} h4
{[%clk 00:03:34]} {[%emt 00:00:22]} 47. Qe6 {[%clk 00:03:44]} {[%emt 00:00:20]}
Rf6 {[%clk 00:03:09]} {[%emt 00:00:30]} 48. Qe7 {[%clk 00:03:34]} {[%emt
00:00:17]} hxg3+ {[%clk 00:02:56]} {[%emt 00:00:26]} 49. fxg3 {[%clk 00:03:34]}
{[%emt 00:00:15]} Ng4+ {[%clk 00:02:56]} {[%emt 00:00:07]} 50. hxg4 {[%clk
00:03:34]} Rh6+ {[%clk 00:02:56]} 51. Kg1 {[%clk 00:03:34]} Qxd6 {[%clk
00:02:56]} 52. Qxa7 {[%clk 00:03:34]} {[%emt 00:00:17]} c5 {[%clk 00:02:56]}
{[%emt 00:00:07]} 53. Qf7 {[%clk 00:03:28]} Qxa6 {[%clk 00:02:56]} {[%emt
00:00:06]} 54. g5 {[%clk 00:03:28]} {[%emt 00:00:09]} Qa1+ {[%clk 00:02:56]}
{[%emt 00:00:03]} 55. Kf2 {[%clk 00:03:28]} Rf6+ {[%clk 00:02:56]} {[%emt
00:00:07]} 56. gxf6 {[%clk 00:03:28]} {[%emt 00:00:04]} Qxf6+ {[%clk 00:02:56]}
57. Qxf6 {[%clk 00:03:28]} gxf6 {[%clk 00:02:56]} {[%emt 00:00:04]} 0-1

[Event "2024 National Elementary (K-6) Championship"]
[Site "Columbus, Ohio, United States"]
[Date "2024.04.27"]
[Round "5.14"]
[White "Liu, Steven"]
[Black "Srinivasan, Sivavishnu"]
[Result "0-1"]
[TimeControl "G/90; d10"]
[WhiteFideId "39942341"]
[BlackFideId "39902242"]
[WhiteElo "1898"]
[BlackElo "2047"]

1. d4 {[%clk 01:30:00]} {[%emt 00:00:19]} Nf6 {[%clk 01:28:12]} {[%emt
00:01:42]} 2. c4 {[%clk 01:29:51]} {[%emt 00:00:25]} e6 {[%clk 01:28:12]} 3.
Nc3 {[%clk 01:29:51]} {[%emt 00:00:07]} Bb4 {[%clk 01:28:12]} {[%emt 00:00:04]}
4. Nf3 {[%clk 01:29:50]} {[%emt 00:00:19]} Bxc3+ {[%clk 01:28:12]} 5. bxc3
{[%clk 01:29:40]} {[%emt 00:00:11]} d6 {[%clk 01:28:12]} {[%emt 00:00:12]} 6.
Bg5 {[%clk 01:29:14]} {[%emt 00:00:26]} h6 {[%clk 01:27:48]} {[%emt 00:00:39]}
7. Bh4 {[%clk 01:28:51]} {[%emt 00:00:28]} Nbd7 {[%clk 01:27:42]} {[%emt
00:00:24]} 8. e3 {[%clk 01:28:23]} {[%emt 00:00:30]} b6 {[%clk 01:27:08]}
{[%emt 00:00:45]} 9. Be2 {[%clk 01:27:34]} {[%emt 00:00:59]} Bb7 {[%clk
01:26:19]} {[%emt 00:01:02]} 10. O-O {[%clk 01:27:05]} {[%emt 00:00:44]} O-O
{[%clk 01:25:53]} {[%emt 00:00:27]} 11. Nd2 {[%clk 01:25:40]} {[%emt 00:01:36]}
e5 {[%clk 01:20:55]} {[%emt 00:05:12]} 12. Qc2 {[%clk 01:23:28]} {[%emt
00:02:17]} c5 {[%clk 01:17:59]} {[%emt 00:03:08]} 13. d5 {[%clk 01:22:36]}
{[%emt 00:01:03]} Qc7 {[%clk 01:16:08]} {[%emt 00:01:59]} 14. a4 {[%clk
01:20:18]} {[%emt 00:02:32]} Bc8 {[%clk 01:13:43]} {[%emt 00:02:29]} 15. e4
{[%clk 01:18:30]} {[%emt 00:02:03]} Nh7 {[%clk 01:08:43]} {[%emt 00:05:07]} 16.
f3 {[%clk 01:15:55]} {[%emt 00:02:48]} g6 {[%clk 01:05:53]} {[%emt 00:02:57]}
17. Bf2 {[%clk 01:14:25]} {[%emt 00:01:49]} f5 {[%clk 01:05:27]} {[%emt
00:00:30]} 18. g3 {[%clk 01:05:23]} {[%emt 00:09:03]} f4 {[%clk 01:04:08]}
{[%emt 00:01:37]} 19. g4 {[%clk 01:05:18]} {[%emt 00:00:12]} Ndf6 {[%clk
01:00:54]} {[%emt 00:03:27]} 20. Kg2 {[%clk 01:00:08]} {[%emt 00:05:21]} h5
{[%clk 01:00:11]} {[%emt 00:00:56]} 21. h3 {[%clk 00:59:39]} {[%emt 00:00:33]}
Kf7 {[%clk 00:54:26]} {[%emt 00:05:55]} 22. Rh1 {[%clk 00:56:12]} {[%emt
00:03:34]} Rh8 {[%clk 00:52:53]} {[%emt 00:01:44]} 23. Bh4 {[%clk 00:55:07]}
{[%emt 00:01:26]} g5 {[%clk 00:52:22]} {[%emt 00:00:32]} 24. Bf2 {[%clk
00:52:03]} {[%emt 00:03:28]} Bd7 {[%clk 00:50:48]} {[%emt 00:01:28]} 25. Nb1
{[%clk 00:49:28]} {[%emt 00:02:45]} Nf8 {[%clk 00:50:31]} {[%emt 00:00:27]} 26.
Na3 {[%clk 00:48:10]} {[%emt 00:01:59]} a6 {[%clk 00:49:56]} {[%emt 00:00:15]}
27. Qb3 {[%clk 00:45:46]} {[%emt 00:02:43]} Ng6 {[%clk 00:49:09]} {[%emt
00:00:46]} 28. Rab1 {[%clk 00:43:39]} {[%emt 00:02:18]} Rab8 {[%clk 00:49:09]}
{[%emt 00:00:19]} 29. Nc2 {[%clk 00:41:52]} {[%emt 00:01:44]} Qc8 {[%clk
00:45:38]} {[%emt 00:03:43]} 30. Na3 {[%clk 00:37:14]} {[%emt 00:04:47]} Ke7
{[%clk 00:41:24]} {[%emt 00:04:34]} 31. Rbg1 {[%clk 00:35:02]} {[%emt
00:02:13]} Rf8 {[%clk 00:37:11]} {[%emt 00:04:24]} 32. Kf1 {[%clk 00:34:03]}
{[%emt 00:01:08]} hxg4 {[%emt 00:02:23]} 33. hxg4 {[%clk 00:33:59]} {[%emt
00:00:06]} Nxe4 {[%clk 00:30:43]} {[%emt 00:04:34]} 34. fxe4 {[%clk 00:33:09]}
{[%emt 00:01:23]} f3 {[%clk 00:30:43]} {[%emt 00:00:04]} 35. Rh7+ {[%clk
00:32:11]} {[%emt 00:00:50]} Ke8 {[%clk 00:29:16]} {[%emt 00:01:35]} 36. Bd1
{[%clk 00:31:23]} {[%emt 00:01:00]} Bxg4 {[%clk 00:28:25]} {[%emt 00:00:59]} 37.
Rg3 {[%clk 00:28:22]} {[%emt 00:03:12]} Nf4 {[%clk 00:20:08]} {[%emt 00:08:34]}
38. Nc2 {[%clk 00:22:47]} {[%emt 00:05:38]} Bh3+ {[%clk 00:14:32]} {[%emt
00:05:48]} 39. Kg1 {[%clk 00:22:37]} {[%emt 00:00:20]} g4 {[%clk 00:14:00]}
{[%emt 00:01:06]} 40. Ne3 {[%clk 00:21:38]} {[%emt 00:00:45]} Rb7 {[%clk
00:11:29]} {[%emt 00:02:37]} 41. Rxb7 {[%clk 00:18:34]} {[%emt 00:03:14]} Qxb7
{[%clk 00:09:51]} {[%emt 00:02:05]} 42. a5 {[%clk 00:16:45]} {[%emt 00:01:43]}
Rh8 {[%clk 00:07:50]} {[%emt 00:02:22]} 43. Qxb6 {[%clk 00:15:20]} {[%emt
00:01:24]} Bg2 {[%clk 00:07:00]} {[%emt 00:00:59]} 44. Nxg2 {[%clk 00:14:44]}
{[%emt 00:00:50]} fxg2 {[%clk 00:06:15]} {[%emt 00:00:52]} 45. Rxg2 {[%clk
00:14:34]} {[%emt 00:00:21]} Qxb6 {[%clk 00:06:15]} {[%emt 00:00:10]} 46. axb6
{[%clk 00:14:34]} {[%emt 00:00:09]} Nxg2 {[%clk 00:06:15]} {[%emt 00:00:04]} 47.
Kxg2 {[%clk 00:14:26]} {[%emt 00:00:17]} Kf7 {[%clk 00:05:36]} {[%emt
00:00:46]} 48. Bxg4 {[%clk 00:12:52]} {[%emt 00:01:43]} Rb8 {[%clk 00:05:36]}
{[%emt 00:00:13]} 49. Kf3 {[%clk 00:11:32]} {[%emt 00:01:23]} a5 {[%clk
00:05:11]} {[%emt 00:00:34]} 50. Bd7 {[%clk 00:11:17]} {[%emt 00:00:25]} Rxb6
{[%clk 00:05:11]} {[%emt 00:00:09]} 51. Bb5 {[%clk 00:11:08]} {[%emt 00:00:14]}
Rb8 {[%clk 00:04:45]} {[%emt 00:00:36]} 52. Ke3 {[%clk 00:10:20]} {[%emt
00:01:02]} Rh8 {[%clk 00:04:41]} {[%emt 00:00:09]} 53. Kd3 {[%clk 00:09:44]}
{[%emt 00:00:47]} Rh2 {[%clk 00:04:41]} {[%emt 00:00:05]} 54. Be3 {[%clk
00:09:15]} {[%emt 00:00:39]} Ra2 {[%clk 00:04:41]} {[%emt 00:00:17]} 55. Bc1
{[%clk 00:08:14]} {[%emt 00:01:06]} a4 {[%clk 00:04:36]} {[%emt 00:00:10]} 56.
Bc6 {[%clk 00:05:58]} {[%emt 00:02:25]} a3 {[%clk 00:04:26]} {[%emt 00:00:41]}
57. Ba4 {[%clk 00:05:38]} {[%emt 00:00:26]} Ra1 {[%clk 00:03:17]} {[%emt
00:01:01]} 58. Kd2 {[%clk 00:03:57]} {[%emt 00:02:13]} a2 {[%clk 00:03:17]} 59.
Bb2 {[%clk 00:03:52]} {[%emt 00:00:08]} Rb1 {[%clk 00:03:06]} {[%emt 00:00:13]}
60. Kc2 {[%clk 00:03:52]} {[%emt 00:00:24]} a1=Q {[%clk 00:03:06]} 61. Bxa1
{[%clk 00:03:52]} Rxa1 {[%clk 00:03:06]} {[%emt 00:00:04]} 62. Bd7 {[%clk
00:02:59]} {[%emt 00:00:46]} Kf6 {[%clk 00:03:06]} {[%emt 00:00:22]} 63. Bf5
{[%clk 00:02:59]} Kg5 {[%clk 00:03:06]} 64. Kb2 {[%clk 00:02:59]} Re1 {[%clk
00:03:06]} {[%emt 00:00:12]} 65. Kc2 {[%clk 00:02:32]} {[%emt 00:00:18]} Kf4
{[%clk 00:03:06]} 66. Kd3 {[%clk 00:02:26]} {[%emt 00:00:37]} Re3+ {[%clk
00:03:06]} 67. Kd2 {[%clk 00:02:26]} Rxe4 {[%clk 00:03:06]} {[%emt 00:00:17]}
68. Bxe4 {[%clk 00:02:14]} {[%emt 00:00:06]} Kxe4 {[%clk 00:03:06]} 69. Ke2
{[%clk 00:02:14]} Kf4 {[%clk 00:03:06]} {[%emt 00:00:05]} 70. Kf2 {[%clk
00:01:53]} {[%emt 00:00:21]} e4 {[%clk 00:03:06]} 71. Ke2 {[%clk 00:01:53]}
{[%emt 00:00:11]} e3 {[%clk 00:03:06]} 72. Ke1 {[%clk 00:01:51]} {[%emt
00:00:26]} Ke5 {[%clk 00:03:06]} 73. Kd1 {[%clk 00:01:34]} {[%emt 00:00:12]}
Kf5 {[%clk 00:03:06]} {[%emt 00:00:15]} 74. Ke1 {[%clk 00:01:13]} {[%emt
00:00:19]} Kf4 {[%clk 00:03:06]} {[%emt 00:00:42]} 75. Ke2 {[%clk 00:00:33]}
{[%emt 00:00:10]} Ke4 {[%clk 00:03:06]} 76. Ke1 {[%clk 00:00:33]} {[%emt
00:00:05]} Kd3 {[%clk 00:03:06]} {[%emt 00:00:09]} 77. Kd1 {[%clk 00:00:33]}
Kxc3 {[%clk 00:03:06]} 78. Ke2 {[%clk 00:00:33]} {[%emt 00:00:03]} Kxc4 {[%clk
00:03:06]} 79. Kxe3 {[%clk 00:00:33]} {[%emt 00:00:03]} Kxd5 {[%clk 00:03:06]}
80. Kd3 {[%clk 00:00:33]} c4+ {[%clk 00:03:06]} {[%emt 00:00:03]} 81. Kc3
{[%clk 00:00:33]} Kc5 {[%clk 00:03:06]} 0-1